000
00296nam a22001217a 4500
008
160505b xxu||||| |||| 00| 0 eng d
020
_a
9780815123866
020
_a
0815123868
041
_a
eng
080
_a
612.39
245
_a
Medical assistant:
_c
De A.Eggerrs; Anne M.Conway;
942
_2
udc
_c
BK
999
_c
1799
_d
1799